000 00370nam a2200157Ia 4500
003 0STCL
008 150530s9999 xx 000 0 und d
040 _aSTCL
_cSTCL
100 _aPincus Gregory; Ed
245 _aRecent progress in hormones research vol-VIII
260 _c1953
546 _aEnglish
942 _2ddc
_cBK
999 _c34626
_d34626
005 20220125170332.0